Manga DeathNote - Qui a tué qui? - Statistiques

Statistiques générales
  • Ce quiz a été pris 788 fois
  • Le résultat moyen est 8 sur 19
Statistiques - réponses
Personage Tueur % Correct
Light Yagami Ryuk
95%
L Rem
79%
Naomi Misora (ancienne agent FBI) Light Yagami
68%
Raye Penber (agent FBI) Light Yagami
65%
Rem Rem
60%
Kiyomi Takada Light Yagami / Teru Mikami
55%
Groupe de Yotsuba Light Yagami
54%
Watari Rem
50%
Wedy Light Yagami
48%
Aiber Light Yagami
47%
Kyûsuke Higuchi Light Yagami
46%
Sôichirô Yagami José / Mello
45%
Kal Snyder Light Yagami
41%
Teru Mikami Near
27%
Mello Kiyomi Takada
26%
Demegawa Hitoshi Teru Mikami
22%
Matt Gardes du corps de Takada
6%
David Hoope (président) David Hoope
5%
Préfet Préfet
4%
Aucun quiz correspondant
Distribution des résultats
% des personnes avec chaque résultat
Percentile par nombre de réponses
Votre historique - résultats
Vous n’avez pas pris ce quiz